000 00902nam a22002537a 4500
999 _c18007
_d18007
003 AR-CdUCM
008 190511b ||||| |||| 00| 0 spa d
040 _aMUNICIPALIDAD PROVINCIAL DEL CUSCO
_cBIBLIOTECA MUNICIPAL DEL CUSCO
082 _a927 /
_bN89
100 _aNina de Kalada
_938322
245 _aLas nuevas artes norteamericanas /
260 _aArgentina :
_bOmeba,
_c1965.
300 _a297 páginas ;
_c22 cm.
440 _aAmérica en letras
_94145
505 _aContenido : Cine norteamericano -- Teatro norteamericano -- La nueva danza norteamericana -- La nueva novela norteamericana...
650 _aLiteratura norteamericana
_911787
650 _aTeatro norteamericano
_938323
650 _aPintura norteamericana
_938324
700 _aDienstfrey, Harris
_938325
700 _aKostelanetz, Max
_938326
700 _aCott, Jonathan
_938327
942 _2ddc
_cLIBROS
945 _arcc